El Movimiento obrero y la lucha de Sandino /
Tallennettuna:
| Päätekijä: | |
|---|---|
| Aineistotyyppi: | Teksti |
| Tagit: |
Lisää tagi
Ei tageja, Lisää ensimmäinen tagi!
|
MARC
| LEADER | 00000 a a2200000 04500 | ||
|---|---|---|---|
| 001 | 2640 | ||
| 003 | |||
| 040 | |||
| 100 | |a Vargas, Oscar René | ||
| 245 | |a El Movimiento obrero y la lucha de Sandino / |c Oscar René Vargas | ||
| 773 | |g número 157; páginas 116-130 | ||
| 999 | |c 26126 |d 26126 | ||
